[Event "V Campeonato de España de Selecciones Au"]
[Site "Tossa de Mar"]
[Date "2010.04.29"]
[Round "1"]
[White "Illescas Cordoba, Miguel"]
[Black "Llaneza Vega, Marcos"]
[Result "1/2-1/2"]
[WhiteElo "2604"]
[BlackElo "2514"]
[PlyCount "41"]
[EventDate "2010.04.29"]
[EventType "team"]
[EventRounds "6"]
[EventCountry "ESP"]
[WhiteTeam "Catalunya A"]
[BlackTeam "Asturias"]

1. Nf3 Nf6 2. c4 g6 3. Nc3 d5 4. cxd5 Nxd5 5. e4 Nxc3 6. dxc3 Qxd1+ 7. Kxd1 f6
8. Be3 e5 9. Bc4 Nd7 10. Ke2 Nc5 11. Nd2 Bd7 12. h4 h5 13. Bxc5 Bxc5 14. Nb3
Bb6 15. Rad1 Rh7 16. Rd3 Rd8 17. f3 Bc8 18. Rxd8+ Kxd8 19. a4 a5 20. Nd2 Ke7
21. b4 1/2-1/2

[Event "V Campeonato de España de Selecciones Au"]
[Site "Tossa de Mar"]
[Date "2010.04.29"]
[Round "1"]
[White "Alvarez Fernandez, Enrique"]
[Black "Narciso Dublan, Marc"]
[Result "0-1"]
[WhiteElo "2366"]
[BlackElo "2530"]
[PlyCount "76"]
[EventDate "2010.04.29"]
[EventType "team"]
[EventRounds "6"]
[EventCountry "ESP"]
[WhiteTeam "Asturias"]
[BlackTeam "Catalunya A"]

1. d4 Nf6 2. Nf3 e6 3. Bf4 c5 4. e3 Nc6 5. c3 Nh5 6. Bg5 Qb6 7. Qb3 h6 8. Bh4
g5 9. Qxb6 axb6 10. Bg3 Nxg3 11. hxg3 Bg7 12. Nbd2 d5 13. a3 g4 14. Ng1 e5 15.
dxe5 Nxe5 16. Bb5+ Ke7 17. Ne2 Ra5 18. a4 Bd7 19. Bxd7 Nd3+ 20. Kf1 Kxd7 21.
Rh5 Nxb2 22. Rxd5+ Kc6 23. e4 Rxa4 24. Rb1 Nc4 25. Nxc4 Rxc4 26. Rbd1 Rxe4 27.
Rd6+ Kb5 28. Rb1+ Kc4 29. Rdxb6 Rhe8 30. R1b2 Rd8 31. f3 gxf3 32. gxf3 Re3 33.
Rxb7 Rxf3+ 34. Kg2 Rdd3 35. Rc7 Be5 36. Rb4+ Kd5 37. c4+ Ke4 38. Rxc5 Bd6 0-1

[Event "V Campeonato de España de Selecciones Au"]
[Site "Tossa de Mar"]
[Date "2010.04.29"]
[Round "1"]
[White "Romero Holmes, Alfonso"]
[Black "Andres Gonzalez, Ivan"]
[Result "0-1"]
[WhiteElo "2515"]
[BlackElo "2340"]
[PlyCount "108"]
[EventDate "2010.04.29"]
[EventType "team"]
[EventRounds "6"]
[EventCountry "ESP"]
[WhiteTeam "Catalunya A"]
[BlackTeam "Asturias"]

1. c4 e5 2. Nc3 Nf6 3. Nf3 Nc6 4. d3 Bb4 5. Bg5 h6 6. Bh4 d6 7. e3 e4 8. Nd4
Nxd4 9. exd4 Bxc3+ 10. bxc3 g5 11. Bg3 Bf5 12. dxe4 Nxe4 13. Qf3 Qe7 14. O-O-O
Nxg3 15. hxg3 Be4 16. Qe3 Bg6 17. Re1 Qxe3+ 18. Rxe3+ Kf8 19. Kd2 Re8 20. Rxe8+
Kxe8 21. Bd3 Bxd3 22. Kxd3 f5 23. Rb1 b6 24. a4 Kd7 25. a5 Re8 26. Rb5 Rf8 27.
Rb1 Re8 28. Rh1 Rh8 29. Rh5 bxa5 30. Rh1 h5 31. Ra1 h4 32. Rxa5 hxg3 33. fxg3
Ke6 34. Rxa7 Rh2 35. Ra2 Rh1 36. d5+ Kf6 37. c5 Ke5 38. Kc4 Re1 39. Rd2 Re3 40.
c6 g4 41. Kb4 Rxg3 42. c4 f4 43. Ra2 f3 44. gxf3 gxf3 45. Ra8 Rg5 46. Ra1 f2
47. Rf1 Rf5 48. Ka5 Kd4 49. Ka6 Ke3 50. Kb7 Rf7 51. Ra1 Ke2 52. c5 dxc5 53.
Ra2+ Kf3 54. Ra1 Kg2 0-1

[Event "V Campeonato de España de Selecciones Au"]
[Site "Tossa de Mar"]
[Date "2010.04.29"]
[Round "1"]
[White "Fidalgo Fernandez, Javier"]
[Black "Oms Pallisse, Josep"]
[Result "1/2-1/2"]
[WhiteElo "2301"]
[BlackElo "2494"]
[PlyCount "121"]
[EventDate "2010.04.29"]
[EventType "team"]
[EventRounds "6"]
[EventCountry "ESP"]
[WhiteTeam "Asturias"]
[BlackTeam "Catalunya A"]

1. Nf3 Nf6 2. c4 e6 3. Nc3 d5 4. e3 b6 5. d4 Bb7 6. Qa4+ c6 7. Qc2 Nbd7 8. Bd3
Bd6 9. e4 dxc4 10. Bxc4 e5 11. O-O O-O 12. h3 Qe7 13. Rd1 Rad8 14. d5 cxd5 15.
Nxd5 Nxd5 16. Bxd5 Bxd5 17. Rxd5 h6 18. Rd1 Nf6 19. Bd2 Rc8 20. Qd3 Bb4 21. Be3
Rfd8 22. Qb3 Bc5 23. Rxd8+ Rxd8 24. Bxc5 Qxc5 25. Re1 b5 26. g3 a5 27. Re3 a4
28. Qc3 Qxc3 29. Rxc3 Nxe4 30. Re3 f5 31. Nxe5 Rd2 32. Nd3 Kf7 33. Kf1 a3 34.
bxa3 Kf6 35. g4 Rxa2 36. f3 Nd2+ 37. Ke1 Nc4 38. Re8 Rxa3 39. Ke2 Ra2+ 40. Ke1
fxg4 41. hxg4 Ra6 42. Nf4 Kg5 43. Ne6+ Kh4 44. Nxg7 Kg3 45. Nf5+ Kf4 46. Nd4
Ra1+ 47. Ke2 Ra2+ 48. Ke1 Ra1+ 49. Ke2 Ra2+ 50. Ke1 Nd2 51. Re2 Nxf3+ 52. Nxf3
Rxe2+ 53. Kxe2 Kxg4 54. Kf2 Kf4 55. Nd4 b4 56. Nb3 h5 57. Nc5 Kg4 58. Kg2 h4
59. Kh2 h3 60. Nb3 Kh4 61. Nc5 1/2-1/2

[Event "V Campeonato de España de Selecciones Au"]
[Site "Tossa de Mar"]
[Date "2010.04.29"]
[Round "1"]
[White "Alonso Rosell, Alvar"]
[Black "Santos Latasa, Jaime"]
[Result "1/2-1/2"]
[WhiteElo "2509"]
[BlackElo "2271"]
[PlyCount "47"]
[EventDate "2010.04.29"]
[EventType "team"]
[EventRounds "6"]
[EventCountry "ESP"]
[WhiteTeam "Catalunya A"]
[BlackTeam "Asturias"]

1. d4 Nf6 2. c4 e6 3. g3 d5 4. Bg2 Be7 5. Nf3 O-O 6. O-O dxc4 7. Qc2 a6 8. a4
Bd7 9. Rd1 Bc6 10. Nc3 Bb4 11. Bg5 Bxc3 12. Bxf6 Qxf6 13. bxc3 Nd7 14. Qa2 Nb6
15. a5 Nd5 16. Qa3 Qe7 17. Qxe7 Nxe7 18. Ne5 Bxg2 19. Kxg2 Nd5 20. Ra3 b5 21.
axb6 cxb6 22. e4 Nc7 23. Nxc4 Nb5 24. Rb3 1/2-1/2

[Event "V Campeonato de España de Selecciones Au"]
[Site "Tossa de Mar"]
[Date "2010.04.29"]
[Round "1"]
[White "Grace Coletes, Angela"]
[Black "Llaneza Vega, Patricia"]
[Result "0-1"]
[WhiteElo "1750"]
[BlackElo "2277"]
[PlyCount "52"]
[EventDate "2010.04.29"]
[EventType "team"]
[EventRounds "6"]
[EventCountry "ESP"]
[WhiteTeam "Asturias"]
[BlackTeam "Catalunya A"]

1. e4 c5 2. c3 d5 3. exd5 Qxd5 4. Nf3 g6 5. d4 Bg7 6. Be2 Nc6 7. dxc5 Qxc5 8.
Be3 Qa5 9. O-O Nf6 10. Nbd2 O-O 11. Nc4 Qc7 12. Qc1 Ng4 13. Bf4 e5 14. Bg3 b5
15. Ne3 Nxe3 16. Qxe3 Rb8 17. Qc5 Qb6 18. Qxb6 Rxb6 19. Rad1 Be6 20. Rfe1 Bxa2
21. Rd6 Bc4 22. Bxc4 bxc4 23. Nxe5 Nxe5 24. Bxe5 Re8 25. Rxb6 axb6 26. Kf1 Rxe5
0-1

[Event "V Campeonato de España de Selecciones Au"]
[Site "Tossa de Mar"]
[Date "2010.04.29"]
[Round "1"]
[White "Huerga Leache, Mikel"]
[Black "Arribas Lopez, Angel"]
[Result "0-1"]
[WhiteElo "2446"]
[BlackElo "2441"]
[PlyCount "70"]
[EventDate "2010.04.29"]
[EventType "team"]
[EventRounds "6"]
[EventCountry "ESP"]
[WhiteTeam "Navarra"]
[BlackTeam "Madrid"]

1. e4 c5 2. Nf3 d6 3. d4 cxd4 4. Nxd4 Nf6 5. f3 e6 6. c4 Be7 7. Nc3 O-O 8. Be2
a6 9. Be3 Qc7 10. O-O b6 11. Qd2 Bb7 12. Rfc1 Nbd7 13. b4 Rac8 14. a3 Qb8 15.
Na4 Bd8 16. c5 dxc5 17. bxc5 Nxc5 18. Nxc5 bxc5 19. Nb3 Bc7 20. Nxc5 Bxh2+ 21.
Kh1 Rfd8 22. Qb4 Bf4 23. Bxf4 Qxf4 24. Qe1 Nh5 25. Kg1 Ng3 26. Bf1 Rc7 27. Nxb7
Rxb7 28. Bxa6 Rb2 29. Rab1 Rbd2 30. Rd1 h5 31. a4 h4 32. Rxd2 Rxd2 33. Rd1 Rc2
34. Rd3 h3 35. gxh3 Nh5 0-1

[Event "V Campeonato de España de Selecciones Au"]
[Site "Tossa de Mar"]
[Date "2010.04.29"]
[Round "1"]
[White "Moreno Ruiz, Javier"]
[Black "De La Villa Garcia, Jesus Maria"]
[Result "1/2-1/2"]
[WhiteElo "2459"]
[BlackElo "2494"]
[PlyCount "86"]
[EventDate "2010.04.29"]
[EventType "team"]
[EventRounds "6"]
[EventCountry "ESP"]
[WhiteTeam "Madrid"]
[BlackTeam "Navarra"]

1. d4 Nf6 2. c4 e6 3. Nc3 Bb4 4. f3 O-O 5. a3 Bxc3+ 6. bxc3 Ne8 7. e4 b6 8. Bd3
Ba6 9. a4 c5 10. Be3 Nc6 11. Nh3 Nd6 12. dxc5 Nxc4 13. Bxc4 Bxc4 14. Qd6 bxc5
15. Qxc5 Ba6 16. Kf2 f5 17. e5 Qh4+ 18. Kg1 Rab8 19. Nf4 Rfc8 20. g3 Qd8 21.
Rd1 Qc7 22. Rd6 Rb2 23. Bf2 Qb6 24. Qxb6 axb6 25. Kg2 Nxe5 26. Re1 Nxf3 27.
Kxf3 Rxc3+ 28. Kg2 Rcc2 29. Nh3 Bb7+ 30. Kg1 Bc6 31. Bd4 Rg2+ 32. Kf1 Ra2 33.
Nf2 Rxh2 34. Bxb6 Rxa4 35. Rd2 g5 36. Bc7 f4 37. gxf4 gxf4 38. Be5 Kf7 39. Rd4
Rxd4 40. Bxd4 Rh5 41. Be5 Rg5 42. Nd1 Kg6 43. Nc3 Rg3 1/2-1/2

[Event "V Campeonato de España de Selecciones Au"]
[Site "Tossa de Mar"]
[Date "2010.04.29"]
[Round "1"]
[White "Navarro Cia, Miguel"]
[Black "Almagro Llamas, Pablo"]
[Result "1/2-1/2"]
[WhiteElo "2326"]
[BlackElo "2450"]
[PlyCount "88"]
[EventDate "2010.04.29"]
[EventType "team"]
[EventRounds "6"]
[EventCountry "ESP"]
[WhiteTeam "Navarra"]
[BlackTeam "Madrid"]

1. e4 c6 2. d4 d5 3. Nd2 dxe4 4. Nxe4 Bf5 5. Ng3 Bg6 6. h4 h6 7. Nf3 Nf6 8. Ne5
Bh7 9. Bd3 Bxd3 10. Qxd3 e6 11. Bd2 Bd6 12. f4 Nbd7 13. O-O-O Qc7 14. Ne2 h5
15. Rhf1 Rd8 16. Nxd7 Rxd7 17. f5 e5 18. Bg5 Kd8 19. Nc3 Kc8 20. Bxf6 gxf6 21.
Qf3 exd4 22. Rxd4 Be5 23. Rxd7 Qxd7 24. Rd1 Qe7 25. Ne4 Rg8 26. Kb1 Rg4 27. Nf2
Rxh4 28. Nd3 Rg4 29. Qf2 Bd4 30. Qd2 c5 31. Qh6 Rg8 32. Re1 Qd7 33. Qxh5 c4 34.
Nc1 Be5 35. Qe2 Qc6 36. g4 Kb8 37. c3 Rh8 38. Qe4 Qb5 39. Ne2 Rd8 40. Nd4 Bxd4
41. cxd4 c3 42. b3 Qb4 43. d5 Qc5 44. Rc1 Qxd5 1/2-1/2

[Event "V Campeonato de España de Selecciones Au"]
[Site "Tossa de Mar"]
[Date "2010.04.29"]
[Round "1"]
[White "Roa Alonso, Santiago"]
[Black "Zamarbide Inarrea, Borja"]
[Result "1-0"]
[WhiteElo "2434"]
[BlackElo "2191"]
[PlyCount "72"]
[EventDate "2010.04.29"]
[EventType "team"]
[EventRounds "6"]
[EventCountry "ESP"]
[WhiteTeam "Madrid"]
[BlackTeam "Navarra"]

1. d4 e6 2. Nf3 f5 3. Nc3 Bb4 4. Qd3 Nf6 5. Bg5 Bxc3+ 6. Qxc3 O-O 7. g3 b6 8.
Bg2 Bb7 9. Bxf6 Rxf6 10. O-O d6 11. Nd2 Bxg2 12. Kxg2 Qd7 13. e4 Qc6 14. Qxc6
Nxc6 15. c3 f4 16. a4 g5 17. f3 h5 18. Nc4 d5 19. Nd2 Rd8 20. Rad1 Kg7 21. Rfe1
fxg3 22. hxg3 h4 23. gxh4 gxh4 24. Kh2 e5 25. Rg1+ Kf8 26. exd5 Rxd5 27. Rg5
Ne7 28. Rxe5 Rxe5 29. dxe5 Rf5 30. Nc4 Ng6 31. Rd7 Nxe5 32. Nxe5 Rxe5 33. Kh3
Re2 34. Kxh4 Rxb2 35. Rxc7 a5 36. Kg5 Ra2 1-0

[Event "V Campeonato de España de Selecciones Au"]
[Site "Tossa de Mar"]
[Date "2010.04.29"]
[Round "1"]
[White "Zamarbide Inarrea, Daniel"]
[Black "Anton Guijarro, David"]
[Result "1/2-1/2"]
[WhiteElo "2162"]
[BlackElo "2304"]
[PlyCount "92"]
[EventDate "2010.04.29"]
[EventType "team"]
[EventRounds "6"]
[EventCountry "ESP"]
[WhiteTeam "Navarra"]
[BlackTeam "Madrid"]

1. e4 e6 2. Nf3 d5 3. Nc3 Nf6 4. e5 Nfd7 5. d4 c5 6. dxc5 Nc6 7. Bf4 Nxc5 8.
Qd2 a6 9. a3 Be7 10. Rd1 O-O 11. Bd3 f6 12. Bg3 Nd7 13. exf6 Nxf6 14. O-O Nh5
15. Rfe1 Nxg3 16. hxg3 Bf6 17. Bf1 b5 18. g4 g6 19. g3 Ra7 20. Bg2 Raf7 21. Qe2
Qb6 22. Rd2 Nd4 23. Nxd4 Bxd4 24. Nd1 Bc5 25. b4 Bd4 26. c3 Bg7 27. Rd3 Kh8 28.
Qe3 Qc7 29. f4 Qc4 30. g5 Bd7 31. Bh3 e5 32. Bxd7 exf4 33. gxf4 Rxd7 34. Rf1
Rdf7 35. Nb2 Qb3 36. Rf2 Qxa3 37. Kg2 d4 38. Rxd4 Bxd4 39. Qxd4+ Kg8 40. Nd3
Rc8 41. Nc5 Qc1 42. Ne4 Qe1 43. Qd5 Rcf8 44. Kg3 Qe3+ 45. Rf3 Qb6 46. Qd4 Qc6
1/2-1/2

[Event "V Campeonato de España de Selecciones Au"]
[Site "Tossa de Mar"]
[Date "2010.04.29"]
[Round "1"]
[White "Llorente Zaro, Alfonso"]
[Black "Vila Gazquez, Xavier"]
[Result "1/2-1/2"]
[WhiteElo "2456"]
[BlackElo "2456"]
[PlyCount "39"]
[EventDate "2010.04.29"]
[EventType "team"]
[EventRounds "6"]
[EventCountry "ESP"]
[WhiteTeam "Aragón"]
[BlackTeam "Catalunya B"]

1. c4 e5 2. Nc3 Nf6 3. Nf3 Nc6 4. e3 Be7 5. d4 exd4 6. Nxd4 Bb4 7. Nxc6 Bxc3+
8. bxc3 dxc6 9. Qxd8+ Kxd8 10. f3 Be6 11. e4 Nd7 12. Be3 f6 13. O-O-O Ke7 14.
f4 Rhd8 15. Be2 Nb6 16. c5 Rxd1+ 17. Rxd1 Nd7 18. Kc2 b6 19. c4 Nxc5 20. Bxc5+
1/2-1/2

[Event "V Campeonato de España de Selecciones Au"]
[Site "Tossa de Mar"]
[Date "2010.04.29"]
[Round "1"]
[White "Dominguez Pons, Eric"]
[Black "Baron Rodriguez, Jesus"]
[Result "0-1"]
[WhiteElo "2312"]
[BlackElo "2450"]
[PlyCount "100"]
[EventDate "2010.04.29"]
[EventType "team"]
[EventRounds "6"]
[EventCountry "ESP"]
[WhiteTeam "Catalunya B"]
[BlackTeam "Aragón"]

1. e4 e5 2. Nf3 Nc6 3. d4 exd4 4. Nxd4 Nf6 5. Nc3 Bb4 6. Nxc6 bxc6 7. Bd3 d5 8.
exd5 O-O 9. O-O cxd5 10. Bg5 c6 11. Qf3 Be7 12. h3 Re8 13. Rad1 h6 14. Bh4 Rb8
15. b3 Rb4 16. Bg3 Bd6 17. Rfe1 Rxe1+ 18. Rxe1 Bxg3 19. Qxg3 Be6 20. Qe5 c5 21.
Rd1 Nd7 22. Qd6 Qg5 23. Kh1 Rf4 24. f3 g6 25. Bxg6 Ne5 26. Nxd5 Nxg6 27. Nxf4
Nxf4 28. Qd8+ Kg7 29. Qxg5+ hxg5 30. Rd6 Kf6 31. Ra6 Ke5 32. Rxa7 Kd4 33. c4
Ne2 34. a4 Ke3 35. Kh2 Kf2 36. g4 Nd4 37. Ra6 Nxb3 38. h4 gxh4 39. f4 Bxg4 40.
Rb6 Nd4 41. Rb2+ Ke3 42. a5 Nf3+ 43. Kg2 Kxf4 44. a6 h3+ 45. Kh1 Bf5 46. Re2
Bc8 47. a7 Bb7 48. Re7 Bc6 49. Rxf7+ Kg3 50. Rg7+ Ng5+ 0-1

[Event "V Campeonato de España de Selecciones Au"]
[Site "Tossa de Mar"]
[Date "2010.04.29"]
[Round "1"]
[White "Antoli Royo, Joaquin Miguel"]
[Black "Colon Garcia, Enrique"]
[Result "1/2-1/2"]
[WhiteElo "2399"]
[BlackElo "2249"]
[PlyCount "132"]
[EventDate "2010.04.29"]
[EventType "team"]
[EventRounds "6"]
[EventCountry "ESP"]
[WhiteTeam "Aragón"]
[BlackTeam "Catalunya B"]

1. e4 c5 2. Nf3 Nc6 3. Bb5 g6 4. O-O Bg7 5. Re1 Nf6 6. d4 cxd4 7. e5 Nd5 8.
Bxc6 dxc6 9. Qxd4 O-O 10. Qh4 f6 11. Bd2 a5 12. Na3 Qc7 13. Rad1 Bf5 14. exf6
exf6 15. Nd4 Bc8 16. c4 Nb4 17. Re3 b6 18. Rde1 Ra7 19. Bc3 Qf7 20. R1e2 Rd7
21. Re1 Rc7 22. Bd2 g5 23. Qg3 f5 24. Qxg5 h6 25. Qf4 Rd7 26. Ne6 Nd3 27. Rxd3
Rxd3 28. Nxf8 Qxf8 29. Bc1 Qb4 30. Nc2 Qf8 31. h3 Bd7 32. Qc7 Qf7 33. Qxb6 Qxc4
34. Ne3 Qxa2 35. Qa6 Rd4 36. Nc2 Re4 37. Rd1 Qc4 38. Qxc4+ Rxc4 39. Ne3 Rc5 40.
b3 Be6 41. Ba3 Rb5 42. Rd8+ Kh7 43. Ra8 Bxb3 44. Ra7 Kg8 45. Ra8+ Kh7 46. Ra7
Kg6 47. Ra6 f4 48. Rxc6+ Kh7 49. Ng4 h5 50. Nf6+ Bxf6 51. Rxf6 a4 52. Rxf4 Re5
53. Kh2 Re2 54. Rf3 Kg6 55. Kg3 Rd2 56. Rc3 Rc2 57. Rxc2 Bxc2 58. f3 Bd3 59.
Kf2 Kf5 60. g4+ hxg4 61. hxg4+ Kg6 62. Ke3 Bb5 63. Kf4 Bc6 64. Bb4 Bb7 65. Kg3
Bc6 66. f4 Bd7 1/2-1/2

[Event "V Campeonato de España de Selecciones Au"]
[Site "Tossa de Mar"]
[Date "2010.04.29"]
[Round "1"]
[White "Sanchez Ibern, Marc"]
[Black "Forcen Esteban, Daniel"]
[Result "1/2-1/2"]
[WhiteElo "2265"]
[BlackElo "2343"]
[PlyCount "92"]
[EventDate "2010.04.29"]
[EventType "team"]
[EventRounds "6"]
[EventCountry "ESP"]
[WhiteTeam "Catalunya B"]
[BlackTeam "Aragón"]

1. e4 c5 2. Nf3 e6 3. d4 cxd4 4. Nxd4 Nf6 5. Nc3 Nc6 6. Ndb5 Bb4 7. a3 Bxc3+ 8.
Nxc3 d5 9. exd5 exd5 10. Bd3 O-O 11. O-O d4 12. Ne2 Bg4 13. Bg5 Qd6 14. Qd2
Bxe2 15. Qxe2 Rfe8 16. Qd2 Ne5 17. Rfe1 Nxd3 18. Qxd3 Ng4 19. Qh3 Ne5 20. Bf4
Qf6 21. Bxe5 Rxe5 22. Rxe5 Qxe5 23. Qd3 Re8 24. h3 g6 25. Rd1 Qe2 26. Qxe2 Rxe2
27. Rxd4 Rxc2 28. Ra4 a6 29. Rb4 Rc7 30. Rb6 Kf8 31. g4 Ke8 32. Kg2 Kd8 33. Kg3
Kc8 34. h4 Rc2 35. f3 a5 36. Rb5 Kc7 37. Rxa5 Rxb2 38. Ra8 Kd6 39. Rh8 Ke6 40.
Rxh7 Ra2 41. h5 gxh5 42. gxh5 Rxa3 43. Rh8 Kf6 44. Rh6+ Kg5 45. Rb6 Kxh5 46.
Rxb7 Kg6 1/2-1/2

[Event "V Campeonato de España de Selecciones Au"]
[Site "Tossa de Mar"]
[Date "2010.04.29"]
[Round "1"]
[White "Moreno Gracia, Daniel"]
[Black "Martinez Ramirez, Erik"]
[Result "0-1"]
[WhiteElo "2317"]
[BlackElo "2162"]
[PlyCount "106"]
[EventDate "2010.04.29"]
[EventType "team"]
[EventRounds "6"]
[EventCountry "ESP"]
[WhiteTeam "Aragón"]
[BlackTeam "Catalunya B"]

1. Nf3 c5 2. c4 g6 3. d4 cxd4 4. Nxd4 Bg7 5. e4 Nc6 6. Nc2 d6 7. Be2 f5 8. exf5
Bxf5 9. O-O Nh6 10. Nc3 O-O 11. Bg5 Qd7 12. Qd2 Nf7 13. Be3 Nfe5 14. Rfe1 Bxc2
15. Qxc2 Ng4 16. Bxg4 Qxg4 17. Qe4 Qxe4 18. Nxe4 Nb4 19. Re2 Rac8 20. Bxa7 Rxc4
21. Rd1 Nxa2 22. g3 Ra8 23. Bb6 Rb4 24. Bc7 Rxb2 25. Rxb2 Bxb2 26. Rb1 Nc3 27.
Rxb2 Nxe4 28. Re2 d5 29. f3 Nf6 30. Rxe7 Re8 31. Rxe8+ Nxe8 32. Bb6 Kf7 33. Kf2
Ke6 34. Ke3 Nf6 35. Kd4 Nd7 36. Bc7 Nf6 37. g4 Ne8 38. Bb6 Kd6 39. f4 Nf6 40.
h3 Nd7 41. Bd8 Nb8 42. Bb6 Nc6+ 43. Ke3 h5 44. Kd3 Ke6 45. Ke3 Ne7 46. Kd4 Nc8
47. Bc7 Nd6 48. Bb6 Ne4 49. Ke3 Nf6 50. Bd8 hxg4 51. Bxf6 gxh3 52. Be5 h2 53.
f5+ Kxe5 0-1

[Event "V Campeonato de España de Selecciones Au"]
[Site "Tossa de Mar"]
[Date "2010.04.29"]
[Round "1"]
[White "Marin Benito, Carla"]
[Black "Garcia Vicente, Nieves"]
[Result "0-1"]
[WhiteElo "1812"]
[BlackElo "2209"]
[PlyCount "75"]
[EventDate "2010.04.29"]
[EventType "team"]
[EventRounds "6"]
[EventCountry "ESP"]
[WhiteTeam "Catalunya B"]
[BlackTeam "Aragón"]

1. e4 e5 2. Nc3 Nf6 3. g3 d5 4. exd5 Nxd5 5. Bg2 Nxc3 6. bxc3 Nc6 7. Rb1 Bc5 8.
Ne2 O-O 9. O-O Re8 10. Bb2 Bb6 11. d3 Bg4 12. h3 Be6 13. a3 Ba2 14. Ra1 Bd5 15.
c4 Bxg2 16. Kxg2 Qg5 17. Bc1 Qf6 18. Be3 Qe6 19. Nc3 Bd4 20. Bxd4 Nxd4 21. Nd5
b5 22. c3 bxc4 23. dxc4 Nf5 24. Rb1 Ne7 25. Re1 Rad8 26. Nxe7+ Qxe7 27. Qa4 f6
28. Red1 Qc5 29. Qb4 Qc6+ 30. Kg1 Qf3 31. Qb3 h5 32. Rd5 c6 33. Rxd8 Rxd8 34.
c5+ Kh8 35. Qb4 e4 36. Re1 f5 37. Qb2 h4 38. Qe2 0-1

[Event "V Campeonato de España de Selecciones Au"]
[Site "Tossa de Mar"]
[Date "2010.04.29"]
[Round "1"]
[White "Cacho Reigadas, Sergio"]
[Black "Salgado Lopez, Ivan"]
[Result "1-0"]
[WhiteElo "2496"]
[BlackElo "2592"]
[PlyCount "67"]
[EventDate "2010.04.29"]
[EventType "team"]
[EventRounds "6"]
[EventCountry "ESP"]
[WhiteTeam "Cantabria"]
[BlackTeam "Galicia"]

1. Nf3 d5 2. b3 c5 3. Bb2 f6 4. g3 e5 5. d3 Nc6 6. Bg2 Be6 7. Nbd2 Nh6 8. a3
Nf7 9. O-O Be7 10. c4 d4 11. b4 cxb4 12. axb4 Nxb4 13. Ne1 Qd7 14. Nc2 O-O 15.
Nxb4 Bxb4 16. Ba3 a5 17. Bxb4 axb4 18. Qb3 Rxa1 19. Rxa1 b5 20. Qxb4 bxc4 21.
Nxc4 Qc7 22. Ra6 Bg4 23. Qd2 h5 24. Qa2 Kh7 25. Qa3 Rb8 26. h3 Bxe2 27. Ra7 Ng5
28. f4 Rb1+ 29. Kf2 Nxh3+ 30. Bxh3 Qc6 31. Bf5+ Kh6 32. Be4 Qc8 33. Qe7 Qg4 34.
Qxf6+ 1-0

[Event "V Campeonato de España de Selecciones Au"]
[Site "Tossa de Mar"]
[Date "2010.04.29"]
[Round "1"]
[White "Pena Gomez, Manuel"]
[Black "Bolado Saez, Sergio"]
[Result "1-0"]
[WhiteElo "2432"]
[BlackElo "2335"]
[PlyCount "55"]
[EventDate "2010.04.29"]
[EventType "team"]
[EventRounds "6"]
[EventCountry "ESP"]
[WhiteTeam "Galicia"]
[BlackTeam "Cantabria"]

1. g3 Nf6 2. Bg2 e5 3. c4 d6 4. Nc3 g6 5. e3 Bg7 6. Nge2 O-O 7. O-O c6 8. d4
Nbd7 9. a4 a5 10. b3 Re8 11. Ra2 Qc7 12. Rd2 exd4 13. exd4 Bh6 14. Rd3 Bxc1 15.
Qxc1 Qb6 16. Rfd1 Nf8 17. Qf4 Bf5 18. R3d2 Qxb3 19. d5 cxd5 20. cxd5 Rac8 21.
Qg5 N8d7 22. Rc1 Rxc3 23. Nxc3 Qxc3 24. Rxc3 Re1+ 25. Bf1 Bh3 26. Rd1 Rxd1 27.
Rc1 Rxd5 28. Qh6 1-0

[Event "V Campeonato de España de Selecciones Au"]
[Site "Tossa de Mar"]
[Date "2010.04.29"]
[Round "1"]
[White "Perez Lopez, Jesus Maria"]
[Black "Caselas Cabanas, Jacobo"]
[Result "0-1"]
[WhiteElo "2266"]
[BlackElo "2428"]
[PlyCount "82"]
[EventDate "2010.04.29"]
[EventType "team"]
[EventRounds "6"]
[EventCountry "ESP"]
[WhiteTeam "Cantabria"]
[BlackTeam "Galicia"]

1. d4 d5 2. c4 dxc4 3. e3 Nf6 4. Bxc4 e6 5. Nf3 c5 6. O-O Nc6 7. Qe2 cxd4 8.
Rd1 Be7 9. exd4 O-O 10. Nc3 Na5 11. Bd3 b6 12. Bg5 Bb7 13. Ne5 Rc8 14. Qe3 Nd5
15. Qh3 f5 16. Bxe7 Qxe7 17. Bf1 Qb4 18. Nd3 Qxd4 19. Nb5 Qa4 20. Nxa7 Ra8 21.
b3 Qe8 22. b4 Nc4 23. Nb5 Qxb5 24. Nb2 Qxb4 25. Nxc4 Rfc8 26. Rab1 Qc5 27. Qb3
b5 28. Qxb5 Qxb5 29. Rxb5 Nc3 30. Rxb7 Nxd1 31. a3 Rab8 32. Re7 Re8 33. Rd7
Red8 34. Re7 Re8 35. Rd7 Rbd8 36. Ra7 e5 37. a4 e4 38. a5 f4 39. a6 e3 40. fxe3
fxe3 41. Be2 Nc3 0-1

[Event "V Campeonato de España de Selecciones Au"]
[Site "Tossa de Mar"]
[Date "2010.04.29"]
[Round "1"]
[White "Suarez Pousa, Diego"]
[Black "Martin Fuentes, Alberto"]
[Result "1/2-1/2"]
[WhiteElo "2419"]
[BlackElo "2247"]
[PlyCount "106"]
[EventDate "2010.04.29"]
[EventType "team"]
[EventRounds "6"]
[EventCountry "ESP"]
[WhiteTeam "Galicia"]
[BlackTeam "Cantabria"]

1. e4 e6 2. d4 d5 3. Nc3 Bb4 4. exd5 exd5 5. Bd3 Ne7 6. Qh5 Nbc6 7. Nge2 Be6 8.
O-O Qd7 9. a3 Bxc3 10. bxc3 Bf5 11. Rb1 b6 12. Ng3 Bg6 13. Qd1 O-O 14. h4 h6
15. h5 Bh7 16. f4 Bxd3 17. cxd3 f5 18. a4 Rfe8 19. Ba3 Kh8 20. Bxe7 Nxe7 21.
Re1 Ng8 22. Re5 Rxe5 23. dxe5 Ne7 24. d4 c5 25. dxc5 bxc5 26. Rb5 Qc6 27. Qb1
d4 28. Rb8+ Rxb8 29. Qxb8+ Kh7 30. cxd4 cxd4 31. Qd6 Qc1+ 32. Nf1 d3 33. Qxd3
Qxf4 34. Qd6 Qg5 35. e6 Ng8 36. Qe5 f4 37. Qe4+ Kh8 38. Nd2 Qxh5 39. Qxf4 Qc5+
40. Qf2 Qxf2+ 41. Kxf2 Nf6 42. Nc4 Kg8 43. Ne5 Kf8 44. Nc6 Ne4+ 45. Ke3 Nc5 46.
a5 a6 47. Nb8 Nb7 48. Kd4 Nxa5 49. Kd5 Ke7 50. Nxa6 Nb7 51. Nc7 Nd8 52. Ke5
Nc6+ 53. Kd5 Nd8 1/2-1/2

[Event "V Campeonato de España de Selecciones Au"]
[Site "Tossa de Mar"]
[Date "2010.04.29"]
[Round "1"]
[White "Ruiz Marana, Alejandro"]
[Black "Villar Perez, Samuel"]
[Result "1-0"]
[WhiteElo "2206"]
[BlackElo "2086"]
[PlyCount "65"]
[EventDate "2010.04.29"]
[EventType "team"]
[EventRounds "6"]
[EventCountry "ESP"]
[WhiteTeam "Cantabria"]
[BlackTeam "Galicia"]

1. d4 Nf6 2. Bg5 e6 3. e4 h6 4. Bxf6 Qxf6 5. c3 d6 6. Bd3 Nd7 7. Ne2 e5 8. O-O
Qd8 9. f4 Be7 10. Nd2 O-O 11. Nf3 Bf6 12. Qe1 c5 13. Qg3 Qe7 14. fxe5 dxe5 15.
Kh1 cxd4 16. cxd4 exd4 17. Nexd4 Ne5 18. Bc2 Ng4 19. Rae1 Bxd4 20. Nxd4 Qc5 21.
Nf5 Bxf5 22. Bd1 Be6 23. Bxg4 Bxg4 24. Qxg4 Rad8 25. Re2 Qe7 26. h3 Rd4 27. Qf5
Rfd8 28. e5 Rd1 29. Rxd1 Rxd1+ 30. Kh2 Qc5 31. Rf2 Qd5 32. Rc2 g6 33. Rc8+ 1-0

[Event "V Campeonato de España de Selecciones Au"]
[Site "Tossa de Mar"]
[Date "2010.04.29"]
[Round "1"]
[White "Redondo Arguelles, Graciela"]
[Black "Calvo Fernandez, Isabel"]
[Result "1-0"]
[WhiteElo "2078"]
[BlackElo "1562"]
[PlyCount "47"]
[EventDate "2010.04.29"]
[EventType "team"]
[EventRounds "6"]
[EventCountry "ESP"]
[WhiteTeam "Galicia"]
[BlackTeam "Cantabria"]

1. e4 c5 2. c3 e6 3. d4 cxd4 4. cxd4 a6 5. Nf3 b5 6. Bd3 Bb7 7. O-O Nc6 8. Re1
Be7 9. a3 Nf6 10. Nc3 h6 11. d5 Na7 12. d6 Bf8 13. e5 Nh7 14. Ne4 Rc8 15. Be3
Bxe4 16. Bxe4 Nc6 17. h4 g6 18. Qd3 Bg7 19. Bxg6 fxg6 20. Qxg6+ Kf8 21. Bxh6
Bxh6 22. Qxh6+ Kg8 23. Qg6+ Kf8 24. Re4 1-0